[Event "Ribnica-VSKSvNikolaj"]
[Site "?"]
[Date "2005.09.30"]
[Round "8.2"]
[White "Nesic, Dragisa"]
[Black "Lajthajm, Borko"]
[Result "0-1"]
[WhiteElo "2068"]
[BlackElo "2455"]
[PlyCount "80"]
[EventDate "2005.09.29"]

1. b3 d5 2. Bb2 Nf6 3. Nf3 c6 4. g3 Bf5 5. Bg2 e6 6. O-O Nbd7 7. d4 h6 8. c4
Bb4 9. a3 Ba5 10. b4 Bc7 11. c5 Qe7 12. e3 e5 13. dxe5 Nxe5 14. Nd4 Bg6 15. Nd2
O-O 16. Qb3 Ne4 17. N4f3 Bh5 18. Nxe5 Bxe5 19. Nxe4 dxe4 20. Rfc1 Rad8 21. Bxe5
Qxe5 22. b5 Bf3 23. Bf1 Rd2 24. bxc6 bxc6 25. Rab1 Rfd8 26. Rc2 Rd1 27. Rcc1
R1d2 28. Qc3 Qf5 29. Rc2 Rd1 30. Rxd1 Rxd1 31. Rc1 Rd5 32. Qa5 Qd7 33. Qc3 h5
34. Qc4 h4 35. Rc2 Qf5 36. a4 Rd1 37. Rc1 hxg3 38. Rxd1 gxh2+ 39. Kxh2 Qe5+ 40.
Kg1 Qg5+ 0-1

[Event "Borac-Telekom"]
[Site "?"]
[Date "2005.09.30"]
[Round "8.3"]
[White "Spasov, Vasil"]
[Black "Pavlovic, Nebojsa"]
[Result "1/2-1/2"]
[WhiteElo "2551"]
[BlackElo "2313"]
[PlyCount "78"]
[EventDate "2005.09.29"]

1. e4 c5 2. Nf3 Nc6 3. d4 cxd4 4. Nxd4 Nf6 5. Nc3 d6 6. Bg5 e6 7. Qd2 a6 8.
O-O-O h6 9. Be3 Bd7 10. f3 b5 11. Nxc6 Bxc6 12. Bd3 Be7 13. Kb1 Nd7 14. Qf2 Bh4
15. g3 Bf6 16. Bd4 Qc7 17. Bxf6 Nxf6 18. Rhe1 O-O 19. g4 b4 20. Ne2 d5 21. e5
Nd7 22. Nd4 Bb5 23. f4 Bxd3 24. cxd3 Qb6 25. Qe3 a5 26. f5 Kh7 27. fxe6 fxe6
28. g5 b3 29. a3 Rac8 30. gxh6 gxh6 31. Rg1 Rg8 32. Rg3 Rxg3 33. hxg3 Rg8 34.
Rh1 Rg6 35. Qf4 Nc5 36. Qf7+ Rg7 37. Qf6 Rg6 38. Qe7+ Rg7 39. Qf6 Rg6 1/2-1/2

[Event "Telekom-Borac"]
[Site "?"]
[Date "2005.09.30"]
[Round "8.3"]
[White "Runic, Zoran"]
[Black "Paunovic, Dragan"]
[Result "1/2-1/2"]
[WhiteElo "2413"]
[BlackElo "2503"]
[PlyCount "57"]
[EventDate "2005.09.29"]

1. e4 c5 2. Nf3 e6 3. d4 cxd4 4. Nxd4 a6 5. Nc3 Qc7 6. Be2 Nf6 7. a3 Be7 8. g4
h6 9. Be3 b5 10. Bf3 Bb7 11. e5 Nxg4 12. Bxb7 Nxe3 13. Qf3 Ra7 14. Qxe3 Rxb7
15. Rg1 Nc6 16. Nxc6 Qxc6 17. Ne4 Qd5 18. f4 Rc7 19. Rd1 Qc4 20. c3 g6 21. Kf2
O-O 22. Rd4 Bc5 23. Nxc5 Qxc5 24. h4 Qe7 25. Kg3 Rb8 26. h5 Kh7 27. Qd3 Rg8 28.
Kh3 Rg7 29. Rd6 1/2-1/2

[Event "Borac-Telekom"]
[Site "?"]
[Date "2005.09.30"]
[Round "8.3"]
[White "Vratonjic, Slobo"]
[Black "Savicevic, Vlatko"]
[Result "1-0"]
[WhiteElo "2455"]
[BlackElo "2339"]
[PlyCount "103"]
[EventDate "2005.09.29"]

1. e4 g6 2. d4 Bg7 3. c3 d6 4. Nf3 Nc6 5. h3 e5 6. Bb5 Bd7 7. d5 Nb8 8. Bxd7+
Nxd7 9. c4 Ngf6 10. Nc3 O-O 11. Bg5 a5 12. Nd2 h6 13. Bh4 Nc5 14. Qe2 Qd7 15.
g4 c6 16. f3 cxd5 17. cxd5 a4 18. Bf2 Rfc8 19. Rc1 b5 20. O-O b4 21. Nd1 Nh7
22. Ne3 Bf6 23. Kg2 Qd8 24. Rc4 Rab8 25. Rfc1 Bh4 26. Bg1 Nf8 27. Nd1 Nfd7 28.
Nf2 Kg7 29. Nd3 Nxd3 30. Qxd3 Rxc4 31. Rxc4 Qf6 32. Rc6 Rd8 33. Nf1 Nb8 34. Rc4
Na6 35. Rc6 Nb8 36. Rc7 Rd7 37. Rxd7 Nxd7 38. Qb5 Qd8 39. Qxa4 Nc5 40. Qc2 Qa5
41. b3 Qa6 42. Bxc5 dxc5 43. Ne3 Bg5 44. Nc4 Qf6 45. d6 h5 46. d7 Qf4 47. Qb2
Bf6 48. d8=Q Bxd8 49. Qxe5+ Qxe5 50. Nxe5 f5 51. exf5 hxg4 52. f6+ 1-0

[Event "Telekom-Borac"]
[Site "?"]
[Date "2005.09.30"]
[Round "8.3"]
[White "Simic, Dragisa"]
[Black "Marinkovic, Ivan"]
[Result "1/2-1/2"]
[WhiteElo "2314"]
[BlackElo "2444"]
[PlyCount "116"]
[EventDate "2005.09.29"]

1. d4 Nf6 2. c4 c5 3. d5 b5 4. cxb5 a6 5. bxa6 g6 6. Nc3 Bxa6 7. f4 d6 8. Nf3
Nbd7 9. e4 Bxf1 10. Rxf1 Nb6 11. Kf2 Bg7 12. Kg1 O-O 13. Rb1 Ne8 14. f5 Qd7 15.
Qc2 Nc7 16. Qf2 gxf5 17. Qh4 e5 18. exf5 f6 19. Qe4 Nb5 20. Nxb5 Qxb5 21. a3
Qb3 22. Nd2 Qxd5 23. Qxd5+ Nxd5 24. Nc4 Rfd8 25. Rd1 Ne7 26. Be3 Nxf5 27. Rd5
Ra4 28. b4 Nxe3 29. Nxe3 Rxa3 30. Nf5 c4 31. Rc1 c3 32. Rd3 Bf8 33. Ne3 Bh6 34.
Rcxc3 Rxc3 35. Rxc3 Bxe3+ 36. Rxe3 Kf7 37. Kf2 Rb8 38. Rb3 Ke6 39. Ke3 d5 40.
g4 Kd6 41. Rb1 h5 42. h3 hxg4 43. hxg4 Rh8 44. b5 Rb8 45. b6 Kc6 46. Rf1 Kxb6
47. Rxf6+ Kc5 48. g5 Rb3+ 49. Kf2 d4 50. g6 Rb7 51. Rf5 Kd5 52. Rg5 Rg7 53. Kf3
d3 54. Ke3 d2 55. Kxd2 Ke6 56. Ke3 Kf6 57. Rg1 Rxg6 58. Rxg6+ Kxg6 1/2-1/2

[Event "Borac-Telekom"]
[Site "?"]
[Date "2005.09.30"]
[Round "8.3"]
[White "Radovanovic, Dusan"]
[Black "Adzic, Momcilo"]
[Result "1-0"]
[WhiteElo "2368"]
[BlackElo "2240"]
[PlyCount "33"]
[EventDate "2005.09.29"]

1. e4 c5 2. Nf3 Nc6 3. d4 cxd4 4. Nxd4 Nf6 5. Nc3 d6 6. Bg5 e6 7. Qd2 a6 8.
O-O-O Bd7 9. f4 h6 10. Bxf6 Qxf6 11. e5 Qe7 12. Ne4 dxe5 13. fxe5 Nxe5 14. Qa5
f6 15. Qc7 Kf7 16. Qxb7 Qd8 17. Nf3 1-0

[Event " Sloboda Bohor-Ina Dizajn"]
[Site "?"]
[Date "2005.09.30"]
[Round "8.5"]
[White "Djokic, Vladan"]
[Black "Andonov, Bogumil"]
[Result "1/2-1/2"]
[WhiteElo "2294"]
[BlackElo "2417"]
[PlyCount "83"]
[EventDate "2005.09.29"]

1. Nf3 d6 2. e4 Nf6 3. Nc3 Bg4 4. d4 e6 5. h3 Bh5 6. Bg5 Be7 7. Be2 c6 8. Qd2
d5 9. e5 Nfd7 10. Bxe7 Qxe7 11. O-O O-O 12. Qg5 Qxg5 13. Nxg5 Bg6 14. Bd3 c5
15. Bxg6 hxg6 16. f4 cxd4 17. Nb5 Nc6 18. Rfd1 Nc5 19. Nxd4 Na4 20. Rab1 Rac8
21. c3 a6 22. Ngf3 Rc7 23. g4 Re8 24. Re1 Nc5 25. Rbd1 Ne4 26. Kg2 Kf8 27. Nb3
Ke7 28. Nfd2 Nxd2 29. Rxd2 b5 30. a3 a5 31. Nd4 Rb8 32. Rc1 Nxd4 33. Rxd4 b4
34. axb4 axb4 35. c4 b3 36. c5 Ra7 37. c6 Ra2 38. Rd2 Ra4 39. Kf3 f6 40. exf6+
gxf6 41. f5 gxf5 42. gxf5 1/2-1/2

[Event "Ina Dizajn-Sloboda Bohor"]
[Site "?"]
[Date "2005.09.30"]
[Round "8.5"]
[White "Muratovic, Alija"]
[Black "Civric, Zdravko"]
[Result "1-0"]
[WhiteElo "2417"]
[BlackElo "2200"]
[PlyCount "69"]
[EventDate "2005.09.29"]

1. e4 c5 2. Nf3 Nc6 3. d4 cxd4 4. Nxd4 e5 5. Nb5 d6 6. N1c3 a6 7. Na3 b5 8. Nd5
Be7 9. c3 Nf6 10. Nxf6+ Bxf6 11. Nc2 Be6 12. Ne3 Bg5 13. Nd5 Bxc1 14. Rxc1 O-O
15. Be2 Ne7 16. O-O Bxd5 17. exd5 Rc8 18. c4 b4 19. Qa4 a5 20. a3 Qb6 21. Kh1
Rc7 22. axb4 axb4 23. Ra1 Nf5 24. Bd3 Nd4 25. f4 e4 26. Bxe4 Rxc4 27. Qd1 f5
28. Bd3 Rc7 29. b3 Rc3 30. Bc4 Nb5 31. Re1 Na3 32. Bf1 Re3 33. Qd2 Rfe8 34. h3
h6 35. Rac1 1-0

[Event "Sloboda Bohor-Ina Dizajn"]
[Site "?"]
[Date "2005.09.30"]
[Round "8.5"]
[White "Andric, Zoran"]
[Black "Milosavljevic, Milisav"]
[Result "0-1"]
[WhiteElo "2260"]
[BlackElo "2182"]
[PlyCount "129"]
[EventDate "2005.09.29"]

1. d4 d5 2. c4 e6 3. Nc3 c5 4. cxd5 exd5 5. Nf3 Nc6 6. Bf4 Nf6 7. Rc1 Be7 8.
dxc5 Bxc5 9. e3 O-O 10. Be2 Be6 11. O-O h6 12. a3 Nh5 13. Bg3 Nxg3 14. hxg3 Be7
15. Nb5 Qb6 16. Qd2 Bf6 17. Rfd1 Rad8 18. Nbd4 Bg4 19. b4 Rc8 20. Rc5 Be7 21.
Rb5 Qc7 22. Rc1 Qd7 23. Nxc6 bxc6 24. Ra5 Bxf3 25. Bxf3 Rc7 26. Qd3 Rfc8 27.
Rd1 Qe6 28. Ra6 Qe5 29. Qb3 Rd8 30. Rd4 c5 31. bxc5 Bxc5 32. Rxd5 Rxd5 33. Bxd5
Rd7 34. Bf3 Bb6 35. Ra4 g6 36. Re4 Qa1+ 37. Kh2 Kg7 38. Re8 Qf6 39. Qb4 h5 40.
a4 Bc7 41. Re4 Bd6 42. Qd4 Bxg3+ 43. fxg3 Rxd4 44. Rxd4 Qe5 45. Re4 Qd6 46. Rd4
Qa3 47. Re4 Qc5 48. Kg1 Kf8 49. Kf2 f5 50. Rd4 Ke7 51. Be2 Qe5 52. Rb4 Kf6 53.
Rc4 Qd5 54. Rd4 Qc5 55. Rc4 Qe5 56. Rd4 a5 57. Rc4 Qb2 58. Kf1 Kg7 59. Rd4 Kf6
60. Rc4 Ke5 61. Rc5+ Ke4 62. Kf2 Qd2 63. Rc4+ Ke5 64. Kf1 Qa2 65. Bf3 0-1

[Event "Ina Dizajn-Sloboda Bohor"]
[Site "?"]
[Date "2005.09.30"]
[Round "8.5"]
[White "Djakovac, Enes"]
[Black "Zivanic, Slobodan"]
[Result "1/2-1/2"]
[WhiteElo "2211"]
[BlackElo "2262"]
[PlyCount "111"]
[EventDate "2005.09.29"]

1. e4 c5 2. Nf3 Nc6 3. Nc3 e6 4. Bb5 Nge7 5. d4 cxd4 6. Nxd4 Nxd4 7. Qxd4 a6 8.
Be2 Nc6 9. Qe3 Qc7 10. O-O Nb4 11. Bd1 Be7 12. a3 Nc6 13. f4 O-O 14. Qf2 d6 15.
Be3 b5 16. Bb6 Qd7 17. Bf3 Rb8 18. Be3 Qc7 19. g4 Na5 20. Rae1 Nc4 21. Nd1 Nxe3
22. Nxe3 Bb7 23. h4 d5 24. e5 f6 25. exf6 Rxf6 26. f5 d4 27. Ng2 exf5 28. g5
Rf7 29. Bxb7 Rxb7 30. Nf4 Qc8 31. Re2 Bc5 32. Nd3 Ba7 33. Rfe1 Rf8 34. Qf3 Rd7
35. Kg2 Bb8 36. Kf1 f4 37. h5 Qc4 38. g6 Qd5 39. Kf2 Qg5 40. Rg1 Qh4+ 41. Kf1
Kh8 42. gxh7 Re7 43. h6 gxh6 44. Rg8+ Rxg8 45. hxg8=Q+ Kxg8 46. Qd5+ Kg7 47.
Rg2+ Kf6 48. Qxd4+ Kf5 49. Qd5+ Be5 50. Nf2 Qh5 51. Rg4 Qf7 52. Qd3+ Kf6 53.
Ne4+ Ke6 54. Nc5+ Kf6 55. Ne4+ Ke6 56. Nc5+ 1/2-1/2

[Event "INADizajn-Zadrugar-"]
[Site "?"]
[Date "2005.09.30"]
[Round "9.1"]
[White "Andonov, Bogumil"]
[Black "Sahovic, Dragutin"]
[Result "1-0"]
[WhiteElo "2418"]
[BlackElo "2279"]
[PlyCount "79"]
[EventDate "2005.09.29"]

1. Nf3 Nf6 2. c4 g6 3. Nc3 Bg7 4. e4 d6 5. d4 O-O 6. h3 c6 7. Be3 e5 8. d5 c5
9. g4 h5 10. Nh2 Na6 11. Be2 hxg4 12. hxg4 Nc7 13. g5 Nh7 14. Qd2 a6 15. a4 b6
16. Bg4 Rb8 17. f3 b5 18. Bxc8 Qxc8 19. Ng4 f5 20. Qh2 fxg4 21. Qxh7+ Kf7 22.
fxg4 Ne8 23. axb5 axb5 24. cxb5 Rb7 25. Kd2 Qxg4 26. Rag1 Qc8 27. Rf1+ Ke7 28.
Rxf8 Kxf8 29. Rf1+ Ke7 30. Qxg6 Kd8 31. Qf5 Qd7 32. Qe6 Qxe6 33. dxe6 Re7 34.
Nd5 Rxe6 35. b6 Kc8 36. Rf7 Bh8 37. Ne7+ Kb7 38. Ng6+ Kxb6 39. Nxh8 Nc7 40. g6
1-0

[Event "INADizajn-Zadrugar"]
[Site "?"]
[Date "2005.09.30"]
[Round "9.1"]
[White "Milosavljevic, Milisav"]
[Black "Sekulic, Dusan"]
[Result "0-1"]
[WhiteElo "2182"]
[BlackElo "2366"]
[PlyCount "74"]
[EventDate "2005.09.29"]

1. c4 e5 2. g3 d6 3. Bg2 g6 4. Nf3 Bg7 5. d4 Nd7 6. Nc3 Ngf6 7. e4 O-O 8. O-O
c6 9. h3 a5 10. Re1 exd4 11. Nxd4 Re8 12. Be3 Nc5 13. Qe2 a4 14. Rad1 Qa5 15.
Bf4 Bf8 16. g4 h5 17. g5 Nfd7 18. Be3 Ne5 19. b3 Bg7 20. Rb1 Ned3 21. Red1 axb3
22. axb3 Nb4 23. Qd2 Na2 24. Nxa2 Qxa2 25. f3 Qxd2 26. Rxd2 Ra3 27. Kf2 f5 28.
gxf6 Bxf6 29. b4 Nd3+ 30. Ke2 Ne5 31. Rc1 g5 32. h4 gxh4 33. f4 Bg4+ 34. Kf2
Nd3+ 35. Rxd3 Rxd3 36. Ne2 h3 37. Bh1 Bh4+ 0-1

[Event "Zadrugar-INADizajn"]
[Site "?"]
[Date "2005.09.30"]
[Round "9.1"]
[White "Trifunovic, Miroljub"]
[Black "Djakovac, Enes"]
[Result "0-1"]
[WhiteElo "2265"]
[BlackElo "2211"]
[PlyCount "90"]
[EventDate "2005.09.29"]

1. d4 d5 2. c4 c6 3. Nf3 Nf6 4. Qc2 e6 5. g3 Bd6 6. Bg2 Nbd7 7. O-O O-O 8. Rd1
Re8 9. b3 b6 10. Bb2 Bb7 11. Nbd2 Rc8 12. e4 Nxe4 13. Nxe4 dxe4 14. Qxe4 Qc7
15. Ne5 Nf6 16. Qe2 c5 17. dxc5 Bxc5 18. Bxb7 Qxb7 19. Ng4 Ne4 20. Qf3 Rc7 21.
Bd4 f6 22. Ne3 Rf7 23. Bxc5 bxc5 24. Rd3 f5 25. Ng2 g5 26. h4 h6 27. Rad1 Kg7
28. Kh2 Qc7 29. Kg1 Ree7 30. hxg5 hxg5 31. Qh5 Re8 32. f3 Rh8 33. Qxf7+ Qxf7
34. Rd7 Nxg3 35. Rxf7+ Kxf7 36. Rd7+ Kf6 37. Ne3 Ne2+ 38. Kg2 Nf4+ 39. Kg1 Rh3
40. Kf2 Rh2+ 41. Kf1 Rxa2 42. Rb7 Nd3 43. Rd7 Ne5 44. Rc7 Nxf3 45. Rxc5 g4 0-1

[Event "INADizajn-Zadrugar"]
[Site "?"]
[Date "2005.09.30"]
[Round "9.1"]
[White "Ikic, Alija"]
[Black "Ljubisavljevic, Zivojin"]
[Result "1/2-1/2"]
[WhiteElo "2106"]
[BlackElo "2261"]
[PlyCount "80"]
[EventDate "2005.09.29"]

1. d4 Nf6 2. c4 e6 3. Nf3 b6 4. g3 Bb7 5. Bg2 Bb4+ 6. Bd2 a5 7. O-O Bxd2 8.
Qxd2 O-O 9. Nc3 Ne4 10. Nxe4 Bxe4 11. Ne1 Bxg2 12. Nxg2 d6 13. b3 Nc6 14. a3
Qf6 15. e3 e5 16. d5 Ne7 17. e4 Qg6 18. f3 f5 19. Qe2 Qh6 20. Ne1 fxe4 21. fxe4
Rxf1+ 22. Kxf1 Qh3+ 23. Kg1 Rf8 24. Nd3 h5 25. Nf2 Qd7 26. Qxh5 Rf6 27. Rf1 a4
28. b4 c6 29. Qd1 cxd5 30. cxd5 Nc8 31. Ng4 Rxf1+ 32. Kxf1 b5 33. Ne3 Nb6 34.
Qc2 Qh3+ 35. Kg1 Qh6 36. Nf5 Qg5 37. Qc7 Nc4 38. h4 Qg4 39. h5 Qd1+ 40. Kf2
Qc2+ 1/2-1/2

[Event "MetalacTakovo-Telekom"]
[Site "?"]
[Date "2005.09.30"]
[Round "9.2"]
[White "Rabrenovic, Vladan"]
[Black "Runic, Zoran"]
[Result "1/2-1/2"]
[WhiteElo "2319"]
[BlackElo "2413"]
[PlyCount "27"]
[EventDate "2005.09.29"]

1. d4 Nf6 2. c4 c5 3. d5 e6 4. Nc3 exd5 5. cxd5 Bd6 6. Nf3 O-O 7. Bg5 Re8 8. e3
a6 9. a4 Bc7 10. Nd2 d6 11. Qc2 Nbd7 12. Be2 h6 13. Bh4 Ne5 14. O-O 1/2-1/2

[Event "Telekom-MetalacTakovo"]
[Site "?"]
[Date "2005.09.30"]
[Round "9.2"]
[White "Savicevic, Vlatko"]
[Black "Irizanin, Radoje"]
[Result "1-0"]
[WhiteElo "2339"]
[BlackElo "2228"]
[PlyCount "133"]
[EventDate "2005.09.29"]

1. e4 c5 2. Nf3 d6 3. d4 cxd4 4. Nxd4 Nf6 5. Nc3 a6 6. g3 Bg4 7. f3 Bd7 8. Be3
Nc6 9. Qd2 e6 10. g4 h6 11. O-O-O b5 12. Bd3 Qa5 13. Nxc6 Bxc6 14. Kb1 b4 15.
Ne2 Nd7 16. Nd4 Bb7 17. Rhe1 Be7 18. f4 Nc5 19. Bf2 Qc7 20. Qxb4 Rb8 21. Qc3
O-O 22. Nb3 Rfc8 23. Bd4 Nxd3 24. Qxc7 Rxc7 25. cxd3 Rbc8 26. Rc1 Rxc1+ 27.
Nxc1 d5 28. e5 Kf8 29. Re2 Ke8 30. Rc2 f6 31. Rxc8+ Bxc8 32. Kc2 Kd7 33. Kc3
Kc6 34. Ne2 Bd7 35. h4 Bd8 36. h5 Be8 37. Ng3 Kd7 38. Kb4 Kc6 39. Kc3 Ba5+ 40.
b4 Bd8 41. f5 Kd7 42. exf6 gxf6 43. fxe6+ Kxe6 44. Nf5 Ba4 45. Kd2 Bc7 46. Be3
a5 47. b5 d4 48. Nxd4+ Kf7 49. Bxh6 Bb6 50. Nf5 Bc7 51. Nd4 Bb6 52. Be3 Bxd4
53. Bxd4 Bxb5 54. Ke3 Bd7 55. Kf4 Bb5 56. Bc3 a4 57. d4 a3 58. Bb4 Bc4 59. Bxa3
Bxa2 60. g5 fxg5+ 61. Kxg5 Bb3 62. Kf5 Bd1 63. h6 Bc2+ 64. Ke5 Ke8 65. Kf6 Kd7
66. Kg7 Ke6 67. h7 1-0

[Event "Telekom-MetalacTakovo"]
[Site "?"]
[Date "2005.09.30"]
[Round "9.2"]
[White "Adzic, Momcilo"]
[Black "Mirkovic, Stevan"]
[Result "1/2-1/2"]
[WhiteElo "2240"]
[BlackElo "2114"]
[PlyCount "125"]
[EventDate "2005.09.29"]

1. e4 c5 2. Nf3 Nc6 3. Bb5 g6 4. O-O Bg7 5. c3 e5 6. d3 Nge7 7. Nbd2 O-O 8. Re1
d6 9. Nf1 a6 10. Ba4 b5 11. Bb3 Rb8 12. Ne3 Na5 13. Bc2 d5 14. b4 cxb4 15. cxb4
Nac6 16. Rb1 d4 17. Nf1 a5 18. bxa5 Nxa5 19. h3 f6 20. Bd2 Nec6 21. Qe2 Be6 22.
Rb2 Rf7 23. Reb1 Rfb7 24. Bb3 Nxb3 25. axb3 Bf8 26. Ne1 Nb4 27. f4 Ra8 28. fxe5
fxe5 29. Nf3 Qf6 30. N1h2 Rba7 31. Rf1 Ra1 32. Be1 Bc5 33. Bg3 Rxf1+ 34. Nxf1
Bd6 35. Kh2 Bf7 36. Bh4 Qg7 37. Bg3 Ra6 38. N1d2 h6 39. Ne1 Be6 40. Ndf3 Qc7
41. Nc2 Nxc2 42. Rxc2 Rc6 43. Rxc6 Qxc6 44. b4 Qc7 45. Qf1 Bf7 46. Qa1 Be8 47.
Qa6 Bc6 48. Qa2+ Kh7 49. Qe6 Qe7 50. Qxe7+ Bxe7 51. Bxe5 Bxb4 52. Nxd4 Bd7 53.
Nc2 Bd2 54. Bd6 Be6 55. d4 Bb3 56. Nb4 Bxb4 57. Bxb4 Bc2 58. e5 Bb3 59. g4 Kg7
60. h4 h5 61. gxh5 gxh5 62. Kg3 Kf7 63. Kf4 1/2-1/2

[Event "Ribnica-Borac"]
[Site "?"]
[Date "2005.09.30"]
[Round "9.3"]
[White "Vencl, Radivoje"]
[Black "Spasov, Vasil"]
[Result "0-1"]
[WhiteElo "2300"]
[BlackElo "2551"]
[PlyCount "35"]
[EventDate "2005.09.29"]

1. e4 c5 2. f4 Nf6 3. d3 Nc6 4. c3 d6 5. Nf3 g6 6. g3 Bg7 7. Bg2 Bg4 8. h3 Bxf3
9. Qxf3 Nd7 10. Be3 b5 11. O-O Rc8 12. Qf2 b4 13. e5 bxc3 14. bxc3 dxe5 15.
fxe5 Ndxe5 16. d4 cxd4 17. cxd4 Nxd4 18. Bxd4 0-1

[Event "Borac-Ribnica"]
[Site "?"]
[Date "2005.09.30"]
[Round "9.3"]
[White "Paunovic, Dragan"]
[Black "Miletic, Slobodan"]
[Result "1-0"]
[WhiteElo "2503"]
[BlackElo "2138"]
[PlyCount "66"]
[EventDate "2005.09.29"]

1. c4 e6 2. g3 d5 3. Bg2 Nf6 4. Nf3 c6 5. Qc2 Nbd7 6. d4 Bd6 7. O-O O-O 8. Bg5
h6 9. Bxf6 Qxf6 10. Nbd2 Re8 11. e4 Qg6 12. Rac1 dxe4 13. Nxe4 Be7 14. c5 Rd8
15. b4 Rb8 16. Rfd1 Bf6 17. a4 a6 18. Rb1 b6 19. Nxf6+ Qxf6 20. Ne5 Nxe5 21.
dxe5 Rxd1+ 22. Rxd1 Qe7 23. Bxc6 bxc5 24. Qxc5 Qxc5 25. bxc5 g5 26. f4 Kg7 27.
Rd8 g4 28. Kf2 h5 29. Ke3 Kh7 30. Kd4 Kg7 31. Kc4 Kh7 32. Be4+ Kg7 33. c6 a5
1-0

[Event "Ribnica-Borac"]
[Site "?"]
[Date "2005.09.30"]
[Round "9.3"]
[White "Palosevic, Abida"]
[Black "Vratonjic, Slobo"]
[Result "0-1"]
[WhiteElo "2217"]
[BlackElo "2455"]
[PlyCount "96"]
[EventDate "2005.09.29"]

1. d4 Nf6 2. Nf3 c5 3. d5 g6 4. c4 Bg7 5. Nc3 O-O 6. e4 d6 7. Be2 e6 8. O-O
exd5 9. cxd5 a6 10. a4 Bg4 11. Bf4 Bxf3 12. Bxf3 Qe7 13. Re1 Nbd7 14. Qd2 Rfb8
15. Bg5 h5 16. Qf4 Qf8 17. Qh4 Re8 18. Be2 Rac8 19. Bc4 Ng4 20. h3 Nge5 21. Bf1
c4 22. Rad1 Nc5 23. Bf6 Ned3 24. Re2 Rb8 25. g4 Bxf6 26. Qxf6 hxg4 27. hxg4 Qe7
28. Qxe7 Rxe7 29. Red2 Nxe4 30. Nxe4 Rxe4 31. f3 Rf4 32. Bxd3 cxd3 33. Rxd3
Rxa4 34. Rc1 Rb4 35. b3 Re8 36. Rc7 Re2 37. Rd7 Rb2 38. Rxd6 R2xb3 39. Rxb3
Rxb3 40. Kf2 Kf8 41. Rd7 Ke8 42. Rc7 a5 43. f4 a4 44. d6 a3 45. Re7+ Kd8 46.
Re1 a2 47. Ra1 Rb2+ 48. Ke3 b5 0-1

[Event "Borac-Ribnica"]
[Site "?"]
[Date "2005.09.30"]
[Round "9.3"]
[White "Marinkovic, Ivan"]
[Black "Nesic, Dragisa"]
[Result "1-0"]
[WhiteElo "2444"]
[BlackElo "2068"]
[PlyCount "59"]
[EventDate "2005.09.29"]

1. e4 e6 2. d4 d5 3. Nd2 dxe4 4. Nxe4 Nd7 5. g3 Ngf6 6. Nxf6+ Nxf6 7. Bg2 c5 8.
Nf3 cxd4 9. Qxd4 Qxd4 10. Nxd4 a6 11. Bf4 Be7 12. Nb3 O-O 13. O-O-O a5 14. Bd6
Re8 15. Bxe7 Rxe7 16. Rd8+ Re8 17. Rxe8+ Nxe8 18. Rd1 Kf8 19. Nc5 Rb8 20. Bxb7
Rxb7 21. Nxb7 Bxb7 22. Rd7 Bc6 23. Ra7 a4 24. b4 axb3 25. cxb3 Nf6 26. a4 Bd7
27. a5 Ke7 28. a6 Kd6 29. Rb7 Bc8 30. Rb8 1-0

[Event "Sloga-VSK Sveti Nikolaj"]
[Site "?"]
[Date "2005.09.30"]
[Round "9.4"]
[White "Markovic, Zoran"]
[Black "Iordanescu, Viorel"]
[Result "0-1"]
[WhiteElo "2370"]
[BlackElo "2606"]
[PlyCount "59"]
[EventDate "2005.09.29"]

1. e4 e5 2. Nf3 Nf6 3. Nxe5 d6 4. Nf3 Nxe4 5. d4 d5 6. Bd3 Nc6 7. O-O Be7 8. c4
Nb4 9. Be2 Be6 10. Nc3 O-O 11. Be3 Bf5 12. Rc1 dxc4 13. Bxc4 c6 14. Ne5 Nxc3
15. bxc3 Nd5 16. Qf3 Be6 17. Bd2 Re8 18. Bb3 Bg5 19. Bxg5 Qxg5 20. g3 Qf5 21.
Qxf5 Bxf5 22. Nc4 Red8 23. Rfe1 Kf8 24. Ne3 Be6 25. c4 Nf6 26. d5 cxd5 27. cxd5
Bd7 28. Rc7 Bc8 29. Rec1 Ne8 30. R7c2 0-1

[Event "VSK Sveti Nikolaj-Sloga"]
[Site "?"]
[Date "2005.09.30"]
[Round "9.4"]
[White "Stojanovic, Mihajlo"]
[Black "Organdzijev, Oliver"]
[Result "1/2-1/2"]
[WhiteElo "2519"]
[BlackElo "2326"]
[PlyCount "151"]
[EventDate "2005.09.29"]

1. d4 d5 2. c4 Bf5 3. cxd5 Bxb1 4. Qa4+ Qd7 5. Qxd7+ Nxd7 6. Rxb1 Ngf6 7. Nf3
Nb6 8. e3 Nbxd5 9. Bd3 e6 10. Ke2 a5 11. a3 Bd6 12. g3 Nd7 13. e4 N5b6 14. Be3
O-O 15. Rhc1 Rac8 16. Rc2 c6 17. g4 Rfe8 18. h4 Bc7 19. h5 e5 20. Nxe5 Nxe5 21.
dxe5 Rxe5 22. Rd1 Ree8 23. Bd2 Ra8 24. f4 Nd7 25. Kf3 Rad8 26. Be1 Nf8 27. e5
Ne6 28. Rcd2 Nd4+ 29. Kg3 Nb3 30. Rg2 g6 31. Bc3 Nc5 32. Rgd2 Nb3 33. hxg6 hxg6
34. Rh2 Kf8 35. Bc2 Rxd1 36. Bxd1 Nc5 37. Kf3 Rd8 38. Bc2 Ne6 39. Ke4 Ke7 40.
Rh7 b5 41. Kf3 Nf8 42. Rh8 Ne6 43. Rh7 Nf8 44. Rh8 Ne6 45. Rxd8 Kxd8 46. f5
gxf5 47. gxf5 Nc5 48. Bd4 Nd7 49. e6 Ne5+ 50. Ke4 f6 51. Bc5 Nc4 52. b3 Nd6+
53. Kf3 Nb7 54. Bd4 Ke7 55. Be4 Nd8 56. a4 bxa4 57. bxa4 Bd6 58. Bb6 Bb4 59.
Ke2 Nb7 60. Bxc6 Nd6 61. Kd3 Nxf5 62. Kc4 Kxe6 63. Kb5 Nd6+ 64. Ka6 Nc4 65. Bc7
f5 66. Bb5 Kd5 67. Bd7 Ke4 68. Bc6+ Ke3 69. Bd5 Nd2 70. Bb6+ Kd3 71. Bxa5 Bxa5
72. Kxa5 Kd4 73. Bg2 Kc5 74. Ka6 Kb4 75. Kb6 Kxa4 76. Kc5 1/2-1/2

[Event "VSK Sveti Nikolaj-Sloga"]
[Site "?"]
[Date "2005.09.30"]
[Round "9.4"]
[White "Kostic, Vladimir"]
[Black "Jovic, Stanoje"]
[Result "0-1"]
[WhiteElo "2439"]
[BlackElo "2327"]
[PlyCount "80"]
[EventDate "2005.09.29"]

1. d4 Nf6 2. c4 d6 3. g3 e5 4. Nf3 e4 5. Ng5 h6 6. Nh3 g5 7. Nc3 Bf5 8. Bg2 Qd7
9. Ng1 Nc6 10. h3 Bg7 11. e3 Nb4 12. Nge2 Nd3+ 13. Kf1 O-O 14. Kg1 Bg6 15. b3
c5 16. Bd2 Rae8 17. Qf1 Nh7 18. Nd5 f5 19. f4 Nf6 20. Ndc3 Nh5 21. Be1 Kh7 22.
Nd5 Bf7 23. Ndc3 cxd4 24. exd4 gxf4 25. gxf4 Nhxf4 26. Nxf4 Bxd4+ 27. Kh2 Nxf4
28. Qxf4 Be5 29. Rf1 Bxf4+ 30. Rxf4 Rg8 31. Rd1 Be6 32. Bh1 Qg7 33. Ne2 Qb2 34.
Rd2 Qa1 35. Rf1 a5 36. Nf4 a4 37. Bg2 e3 38. Rxd6 Qxa2 39. Bg3 axb3 40. Nxe6
Rxg3 0-1

[Event "Sloga-VSK Sveti Nikolaj"]
[Site "?"]
[Date "2005.09.30"]
[Round "9.4"]
[White "Djokic, Nebojsa"]
[Black "Lajthajm, Borko"]
[Result "0-1"]
[WhiteElo "2236"]
[BlackElo "2455"]
[PlyCount "101"]
[EventDate "2005.09.29"]

1. e4 e5 2. Nf3 Nc6 3. Bb5 a6 4. Ba4 Nf6 5. O-O b5 6. Bb3 Be7 7. Re1 O-O 8. d4
d6 9. c3 Bb7 10. Nbd2 Nd7 11. Nf1 Bf6 12. Ne3 Na5 13. Bc2 g6 14. a4 Bg7 15. b4
Nc4 16. Nxc4 bxc4 17. d5 a5 18. b5 f5 19. Nd2 Nb6 20. f3 Bh6 21. Nf1 Bxc1 22.
Rxc1 fxe4 23. fxe4 Qg5 24. Qe2 Rf4 25. Ne3 Raf8 26. Rf1 Bc8 27. Rce1 h5 28. Kh1
Bg4 29. Qd2 h4 30. h3 Bh5 31. Rxf4 exf4 32. Nf1 Nd7 33. Nh2 Ne5 34. Bd1 Bxd1
35. Rxd1 Qg3 36. Nf1 Qg5 37. Nh2 Nd3 38. Ng4 Kh7 39. Qe2 Rf7 40. Rxd3 cxd3 41.
Qxd3 f3 42. gxf3 Qf4 43. Nh2 Qc1+ 44. Kg2 Qb2+ 45. Kg1 Qa1+ 46. Kg2 Qa2+ 47.
Kg1 Qa1+ 48. Kg2 Qb2+ 49. Kg1 Qc1+ 50. Kf2 Qf4 51. Kg1 0-1

[Event "VSK Sveti Nikolaj-Sloga"]
[Site "?"]
[Date "2005.09.30"]
[Round "9.4"]
[White "Bozic, Milan"]
[Black "Zivkovic, Momcilo"]
[Result "1-0"]
[WhiteElo "2394"]
[BlackElo "2148"]
[PlyCount "97"]
[EventDate "2005.09.29"]

1. e4 e6 2. d4 d5 3. Nc3 dxe4 4. Nxe4 Nf6 5. Bg5 Be7 6. Bxf6 Bxf6 7. Nf3 O-O 8.
Qd2 b6 9. O-O-O Bb7 10. Qf4 Bxe4 11. Qxe4 Qd5 12. Bd3 Qxe4 13. Bxe4 c6 14. c4
Rc8 15. g4 Nd7 16. g5 Be7 17. h4 Bd6 18. Kb1 Rc7 19. Rhe1 Rac8 20. Re2 Re8 21.
b3 Rec8 22. Ne1 Nf8 23. Nd3 Rd7 24. h5 Rdd8 25. f4 a5 26. Kc2 Nd7 27. Bg2 Kf8
28. g6 hxg6 29. hxg6 Re8 30. gxf7 Kxf7 31. Bh3 Nf8 32. c5 bxc5 33. dxc5 Be7 34.
a3 Bf6 35. b4 Red8 36. Bg2 Rd4 37. Re4 Rxe4 38. Bxe4 Ng6 39. bxa5 Bd4 40. Kb3
Be3 41. Re1 Bd2 42. Bxg6+ Kxg6 43. Rxe6+ Kf7 44. f5 g5 45. Ne5+ Kf8 46. a6 Rc7
47. Rxc6 Ra7 48. f6 Ra8 49. Rc7 1-0